Introduction to criminal justice / (Record no. 3920)

MARC details
000 -LEADER
fixed length control field 01029cam a22001814a 4500
020 ## - INTERNATIONAL STANDARD BOOK NUMBER
ISBN 9780073527918
020 ## - INTERNATIONAL STANDARD BOOK NUMBER
ISBN 0073527912
050 ## - CALL NUMBER
Classification number HV9950
Item number .B63 2007
100 ## - AUTHOR
Personal name Bohm, Robert M.
245 ## - TITLE
Title Introduction to criminal justice /
Statement of responsibility, etc Robert M. Bohm, Keith N. Haley.
250 ## - EDITION
Edition statement 4th ed.
260 ## - PUBLICATION INFORMATION
Place of publication Boston :
Name of publisher McGraw-Hill,
Year of publication 2007.
300 ## - DESCRIPTION
Number of Pages 1 v. (various pagings) :
Other physical details |b ill., col. maps ;
Dimensions 29 cm.
500 ## - NOTES
General note Includes index.
505 ## - FORMATTED CONTENTS NOTE
Table of Content Crime and justice in the United States --<br/>Crime and its consequences --<br/>Explaining crime --<br/>The rule of law --<br/>History and structure of American law enforcement --<br/>Policing: roles, styles, and functions --<br/>Policing America: issues and ethics --<br/>The administration of justice --<br/>Sentencing, appeals, and the death penalty --<br/>Institutional corrections --<br/>Prison life, inmate rights, release, and recidivism --<br/>Community corrections --<br/>Juvenile justice --<br/>The future of the criminal justice in the United States.
650 ## - SUBJECTS
Topical Term Criminal law
942 ## - ADDED ENTRY ELEMENTS (KOHA)
Koha item type Books
Holdings
Withdrawn status Lost status Home library Current library Shelving location Date acquired Full call number Accession Number Koha item type
    Methodist University Library Tema Methodist University Library Tema General Stacks 07/05/2010 HV9950 .B63 2007 31388 Books
    Methodist University Library Tema Methodist University Library Tema General Stacks 07/05/2010 HV9950 .B63 2007 31389 Books
    Methodist University Library Wenchi Faculty Methodist University Library Wenchi Faculty   20/10/2021 HV9950 .B63 2007 31387 Books
Copyright © 2026  MUG Library